The last will and testament of Basil Valentine, monke of the Order of St. Bennet. : Which being alone, he hid under a table of marble, behind the high-altar of the Cathedral Church, in the imperial city of Ersord, leaving it there to be found by him whom God's Providence should make worthy of it. To which is added two treatises, the first declaring his manual operations, the second shewing things natural and supernatural. Never before published in English.

Bibliographic Details
Main Author: Basilius Valentinus
Format: eBook
Language:English
Latin
Published: London : Printed by S.G. and B.G. for Edward Brewster, and are to be sold at the sign of the Crane in St. Paul's Church-yard, 1673.
Series:Early English books online.
Subjects:
Online Access:Connect to the full text of this electronic book

MARC

Tag First Indicator Second Indicator Subfields
LEADER 00000nam a2200000Ia 4500
001 in00004330516
005 20200812091208.0
006 m g d
007 cr bn |||a|bb|
008 030715s1672 enkad o 000 0 eng d
035 |a (OCoLC)52612035 
040 |a EAE  |c EAE  |e dcrb 
037 |a CL0037000121  |b ProQuest Information and Learning. 300 N. Zeeb Rd., Ann Arbor, MI 48106 
041 1 |a eng  |h ger  |a lat 
090 |a QD25  |b .B3 1672 
049 |a UMIA 
100 0 |a Basilius Valentinus. 
240 1 0 |a Letztes Testament.  |l English 
245 1 4 |a The last will and testament of Basil Valentine, monke of the Order of St. Bennet. :  |b Which being alone, he hid under a table of marble, behind the high-altar of the Cathedral Church, in the imperial city of Ersord, leaving it there to be found by him whom God's Providence should make worthy of it. To which is added two treatises, the first declaring his manual operations, the second shewing things natural and supernatural. Never before published in English. 
246 1 7 |a Basilius Valentinus his last will and testament 
260 |a London :  |b Printed by S.G. and B.G. for Edward Brewster, and are to be sold at the sign of the Crane in St. Paul's Church-yard,  |c 1673. 
300 |a 1 online resource ([25], 534 pages :  |b illustrations, charts. 
336 |a text  |b txt  |2 rdacontent 
337 |a computer  |b c  |2 rdamedia 
338 |a online resource  |b cr  |2 rdacarrier 
500 |a The last will is in five parts. Each part has separate t.p., dated 1670. 
500 |a Each treatise has special t.p., dated 1670. 
500 |a Ms. notes on final leaf. 
500 |a Reproduction of the original in the Glasgow University Library. 
505 0 |a Last will and testament of Basilius Valentinus -- A practick treatise together with the XII keys and appendix of the Great Stone of the ancient philosophers -- Two treatises of the most eminent and incomparable philosopher Basil Valentine -- Basilius Valentinus his treatise concerning the microcosme -- The manual operations of Basil Valentine, whereby he hath prepared his medicines -- An addition of Basil Valentine, which he himself hath annexed to his Manual operations, for a fuller declaration of the same -- The second treatise of things natural and supernatural. 
510 4 |a Wing (2nd edition)  |c B1017a 
533 |a Electronic reproduction.  |b Ann Arbor, Mich. :  |c UMI,  |d 1999-  |f (Early English books online)  |n Digital version of: (Early English Books, 1641-1700 ; 2783:9)  |7 s1999 miun s 
650 0 |a Alchemy  |v Early works to 1800. 
700 0 |a Basilius Valentinus.  |t Practica, cum duodecim clavibus et ...  |l English. 
700 0 |a Basilius Valentinus.  |t De microcosmo.  |l English. 
700 0 |a Basilius Valentinus.  |t Haliographia de præparatione, usu, ac virtutibus omnium salium, mineralium, animalium, & vegetabilium.  |l English. 
700 0 |a Basilius Valentinus.  |t Tractat von natürlichen und übernatürlichen Dingen.  |l English. 
830 0 |a Early English books online. 
856 4 0 |u http://proxy.library.tamu.edu/login?url=https://search.proquest.com/docview/2240898649  |z Connect to the full text of this electronic book  |t 0 
999 f f |s 8237e09c-b601-3376-b150-04ff81a82e61  |i 0627819c-c9bc-3c1a-9d20-02cc477641be  |t 0 
952 f f |a Texas A&M University  |b College Station  |c Electronic Resources  |d Available Online  |t 0  |e QD25 .B3 1672  |h Library of Congress classification 
998 f f |a QD25 .B3 1672  |t 0  |l Available Online